Divertimento / a 4tro / Violino Primo / Violino Secondo / Alto Viola / e / Basso Nro XXIII

Inštrumentálna hudba tanečného charakteru

Bibliographic Details
Main Author: Savio, Johan[ne] Bapt[ist]ha činný 18. storočie (Author)
Format: Musical Score Book
Language:Latin
PhysicalDescription:12 strán rukopis, noty, voľné listy 35 cm
Published: [Miesto vzniku nie je známe] [medzi 1701 a 1800?]
Subjects:

MARC

LEADER 00000ndmaa2200000 a 4500
001 vtls012153976
003 SK-MaSNL
005 20260301105411.0
008 251104q1701 xx dvne lat
035 |a urn:nbn:sk:snk-dm00ibo9 
035 |a B5D209A8-0B06-42DD-AB2D-81624CA58B0E 
040 |a SNKLA  |b slo  |c SNKLA  |e AACR2 
041 0 |a lat 
044 |a xx 
072 7 |a 78  |x Hudba  |2 konspekt 
080 |a 78.083.1  |2 2001 
080 |a 025.171  |2 2011 
100 1 |a Savio, Johan[ne] Bapt[ist]ha  |d činný 18. storočie  |4 aut  |9 445637 
245 1 0 |a Divertimento / a 4tro / Violino Primo / Violino Secondo / Alto Viola / e / Basso  |n Nro XXIII  |c Authore Johan:ne Bapt:ha Savio 
260 |a [Miesto vzniku nie je známe]  |c [medzi 1701 a 1800?] 
300 |a 12 strán  |a rukopis, noty, voľné listy  |c 35 cm 
500 |a Obsahuje 4 party 
520 |a Inštrumentálna hudba tanečného charakteru 
555 |a Hudobniny z knižnice grófov Zayovcov z Uhrovca 
561 |a Okrúhla pečiatka: Matica slovenská Martin Literárny archív 
610 2 7 |a Zayovská knižnica  |2 SNKLA  |9 370873 
655 7 |a divertimentá  |2 SNKPH  |9 445638 
655 7 |a rukopisy  |2 SNKPH  |9 70548 
852 |a Slovenská národná knižnica  |b Literárny archív 
958 |a ZHR 
958 |a LAVD 
999 |c 700752  |d 702682 
952 |a SNKLA  |b SNKLA  |c SNKLA_DEP  |y NEVYP  |7 0  |p 17A1312599  |o snkD I – 362  |0 0  |1 0  |4 0  |d 2022-11-11  |f 1  |l 0  |r 2026-02-23 20:56:24  |w 2026-02-23